<?xml version="1.0" encoding="UTF-8"?>
<record
    xmlns:xsi="http://www.w3.org/2001/XMLSchema-instance"
    xsi:schemaLocation="http://www.loc.gov/MARC21/slim http://www.loc.gov/standards/marcxml/schema/MARC21slim.xsd"
    xmlns="http://www.loc.gov/MARC21/slim">

  <leader>02698nam0a2200409   4500</leader>
  <controlfield tag="001">RU\NLR\BIBL_A\010572146</controlfield>
  <controlfield tag="005">20260406162427.0</controlfield>
  <datafield tag="021" ind1=" " ind2=" ">
    <subfield code="a">RU</subfield>
    <subfield code="b">2014-78477</subfield>
    <subfield code="9">4799</subfield>
  </datafield>
  <datafield tag="035" ind1=" " ind2=" ">
    <subfield code="a">(NLR Aleph) 010572146</subfield>
  </datafield>
  <datafield tag="035" ind1=" " ind2=" ">
    <subfield code="a">(NILC)RuMoRGB-007568828</subfield>
  </datafield>
  <datafield tag="090" ind1=" " ind2=" ">
    <subfield code="a">10428502</subfield>
    <subfield code="c">10428502</subfield>
  </datafield>
  <datafield tag="100" ind1=" " ind2=" ">
    <subfield code="a">20141222d2014    k  y0rusy50      ca</subfield>
  </datafield>
  <datafield tag="101" ind1="0" ind2=" ">
    <subfield code="a">rus</subfield>
  </datafield>
  <datafield tag="102" ind1=" " ind2=" ">
    <subfield code="a">RU</subfield>
  </datafield>
  <datafield tag="105" ind1=" " ind2=" ">
    <subfield code="a">c   j   000yy</subfield>
  </datafield>
  <datafield tag="200" ind1="1" ind2=" ">
    <subfield code="a">&#x424;&#x438;&#x43B;&#x43E;&#x441;&#x43E;&#x444;&#x438;&#x44F; &#x43D;&#x43E;&#x432;&#x43E;&#x433;&#x43E; &#x432;&#x440;&#x435;&#x43C;&#x435;&#x43D;&#x438;: &#x44D;&#x43C;&#x43F;&#x438;&#x440;&#x438;&#x437;&#x43C; &#x411;&#x44D;&#x43A;&#x43E;&#x43D;&#x430; &#x438; &#x440;&#x430;&#x446;&#x438;&#x43E;&#x43D;&#x430;&#x43B;&#x438;&#x437;&#x43C; &#x414;&#x435;&#x43A;&#x430;&#x440;&#x442;&#x430;</subfield>
    <subfield code="e">&#x443;&#x447;&#x435;&#x431;&#x43D;&#x43E;-&#x43C;&#x435;&#x442;&#x43E;&#x434;&#x438;&#x447;&#x435;&#x441;&#x43A;&#x43E;&#x435; &#x43F;&#x43E;&#x441;&#x43E;&#x431;&#x438;&#x435;</subfield>
    <subfield code="f">&#x415;.&#x410;. &#x41A;&#x43E;&#x440;&#x43E;&#x43B;&#x44C;&#x43A;&#x43E;&#x432;&#x430;, &#x410;.&#x410;. &#x41A;&#x43E;&#x440;&#x43E;&#x43B;&#x44C;&#x43A;&#x43E;&#x432;&#x430;</subfield>
    <subfield code="g">&#x41C;-&#x432;&#x43E; &#x43E;&#x431;&#x440;&#x430;&#x437;&#x43E;&#x432;&#x430;&#x43D;&#x438;&#x44F; &#x438; &#x43D;&#x430;&#x443;&#x43A;&#x438; &#x420;&#x43E;&#x441;&#x441;&#x438;&#x439;&#x441;&#x43A;&#x43E;&#x439; &#x424;&#x435;&#x434;&#x435;&#x440;&#x430;&#x446;&#x438;&#x438;, &#x424;&#x435;&#x434;&#x435;&#x440;&#x430;&#x43B;&#x44C;&#x43D;&#x43E;&#x435; &#x433;&#x43E;&#x441;. &#x430;&#x432;&#x442;&#x43E;&#x43D;&#x43E;&#x43C;&#x43D;&#x43E;&#x435; &#x43E;&#x431;&#x440;&#x430;&#x437;&#x43E;&#x432;&#x430;&#x442;&#x435;&#x43B;&#x44C;&#x43D;&#x43E;&#x435; &#x443;&#x447;&#x440;&#x435;&#x436;&#x434;&#x435;&#x43D;&#x438;&#x435; &#x432;&#x44B;&#x441;&#x448;. &#x43F;&#x440;&#x43E;&#x444;. &#x43E;&#x431;&#x440;&#x430;&#x437;&#x43E;&#x432;&#x430;&#x43D;&#x438;&#x44F; &#x421;&#x430;&#x43D;&#x43A;&#x442;-&#x41F;&#x435;&#x442;&#x435;&#x440;&#x431;&#x443;&#x440;&#x433;&#x441;&#x43A;&#x438;&#x439; &#x433;&#x43E;&#x441;. &#x443;&#x43D;-&#x442; &#x430;&#x44D;&#x440;&#x43E;&#x43A;&#x43E;&#x441;&#x43C;&#x438;&#x447;&#x435;&#x441;&#x43A;&#x43E;&#x433;&#x43E; &#x43F;&#x440;&#x438;&#x431;&#x43E;&#x440;&#x43E;&#x441;&#x442;&#x440;&#x43E;&#x435;&#x43D;&#x438;&#x44F;</subfield>
  </datafield>
  <datafield tag="210" ind1=" " ind2=" ">
    <subfield code="a">&#x421;&#x430;&#x43D;&#x43A;&#x442;-&#x41F;&#x435;&#x442;&#x435;&#x440;&#x431;&#x443;&#x440;&#x433;</subfield>
    <subfield code="c">&#x413;&#x423;&#x410;&#x41F;</subfield>
    <subfield code="d">2014</subfield>
  </datafield>
  <datafield tag="215" ind1=" " ind2=" ">
    <subfield code="a">34, [1] &#x441;.</subfield>
    <subfield code="c">&#x43F;&#x43E;&#x440;&#x442;&#x440;.</subfield>
    <subfield code="d">21</subfield>
  </datafield>
  <datafield tag="320" ind1=" " ind2=" ">
    <subfield code="a">&#x411;&#x438;&#x431;&#x43B;&#x438;&#x43E;&#x433;&#x440;.: &#x441;. 34 (17 &#x43D;&#x430;&#x437;&#x432;.)</subfield>
  </datafield>
  <datafield tag="600" ind1=" " ind2="1">
    <subfield code="a">&#x411;&#x44D;&#x43A;&#x43E;&#x43D;</subfield>
    <subfield code="b">&#x424;.</subfield>
    <subfield code="f">1561 - 1626</subfield>
    <subfield code="g">&#x424;&#x440;&#x44D;&#x43D;&#x441;&#x438;&#x441;</subfield>
    <subfield code="j">&#x423;&#x447;&#x435;&#x431;&#x43D;&#x43E;-&#x43C;&#x435;&#x442;&#x43E;&#x434;&#x438;&#x447;&#x435;&#x441;&#x43A;&#x438;&#x435; &#x43F;&#x43E;&#x441;&#x43E;&#x431;&#x438;&#x44F; &#x434;&#x43B;&#x44F; &#x432;&#x44B;&#x441;&#x448;&#x438;&#x445; &#x443;&#x447;&#x435;&#x431;&#x43D;&#x44B;&#x445; &#x437;&#x430;&#x432;&#x435;&#x434;&#x435;&#x43D;&#x438;&#x439;</subfield>
    <subfield code="x">&#x424;&#x438;&#x43B;&#x43E;&#x441;&#x43E;&#x444;&#x441;&#x43A;&#x438;&#x435; &#x432;&#x437;&#x433;&#x43B;&#x44F;&#x434;&#x44B;</subfield>
    <subfield code="9">2305522</subfield>
    <subfield code="3">RU\NLR\AUTH\661380089</subfield>
  </datafield>
  <datafield tag="600" ind1=" " ind2="1">
    <subfield code="a">&#x414;&#x435;&#x43A;&#x430;&#x440;&#x442;</subfield>
    <subfield code="b">&#x420;.</subfield>
    <subfield code="f">1596 - 1650</subfield>
    <subfield code="g">&#x420;&#x435;&#x43D;&#x435;</subfield>
    <subfield code="j">&#x423;&#x447;&#x435;&#x431;&#x43D;&#x43E;-&#x43C;&#x435;&#x442;&#x43E;&#x434;&#x438;&#x447;&#x435;&#x441;&#x43A;&#x438;&#x435; &#x43F;&#x43E;&#x441;&#x43E;&#x431;&#x438;&#x44F; &#x434;&#x43B;&#x44F; &#x432;&#x44B;&#x441;&#x448;&#x438;&#x445; &#x443;&#x447;&#x435;&#x431;&#x43D;&#x44B;&#x445; &#x437;&#x430;&#x432;&#x435;&#x434;&#x435;&#x43D;&#x438;&#x439;</subfield>
    <subfield code="x">&#x424;&#x438;&#x43B;&#x43E;&#x441;&#x43E;&#x444;&#x441;&#x43A;&#x438;&#x435; &#x432;&#x437;&#x433;&#x43B;&#x44F;&#x434;&#x44B;</subfield>
    <subfield code="9">2140157</subfield>
    <subfield code="3">RU\NLR\AUTH\661290022</subfield>
  </datafield>
  <datafield tag="686" ind1="1" ind2=" ">
    <subfield code="a">&#x42E;3(4&#x412;&#x43B;)5-511&#x44F;73</subfield>
  </datafield>
  <datafield tag="686" ind1="1" ind2=" ">
    <subfield code="a">&#x42E;3(4&#x424;&#x440;)5-517&#x44F;73</subfield>
  </datafield>
  <datafield tag="700" ind1=" " ind2="1">
    <subfield code="a">&#x41A;&#x43E;&#x440;&#x43E;&#x43B;&#x44C;&#x43A;&#x43E;&#x432;&#x430;</subfield>
    <subfield code="b">&#x415;. &#x410;.</subfield>
    <subfield code="g">&#x415;&#x43B;&#x435;&#x43D;&#x430; &#x410;&#x43D;&#x442;&#x43E;&#x43D;&#x43E;&#x432;&#x43D;&#x430;</subfield>
  </datafield>
  <datafield tag="701" ind1=" " ind2="1">
    <subfield code="a">&#x41A;&#x43E;&#x440;&#x43E;&#x43B;&#x44C;&#x43A;&#x43E;&#x432;&#x430;</subfield>
    <subfield code="b">&#x410;. &#x410;.</subfield>
    <subfield code="g">&#x410;&#x43D;&#x43D;&#x430; &#x410;&#x43B;&#x435;&#x43A;&#x441;&#x430;&#x43D;&#x434;&#x440;&#x43E;&#x432;&#x43D;&#x430;</subfield>
  </datafield>
  <datafield tag="702" ind1=" " ind2="1">
    <subfield code="4">570</subfield>
    <subfield code="8">rus</subfield>
    <subfield code="7">ca</subfield>
    <subfield code="a">&#x411;&#x44D;&#x43A;&#x43E;&#x43D;</subfield>
    <subfield code="b">&#x424;.</subfield>
    <subfield code="c">&#x444;&#x438;&#x43B;&#x43E;&#x441;&#x43E;&#x444;</subfield>
    <subfield code="g">&#x424;&#x440;&#x44D;&#x43D;&#x441;&#x438;&#x441;</subfield>
    <subfield code="f">1561-1626</subfield>
    <subfield code="3">RU\NLR\AUTH\7749430</subfield>
    <subfield code="9">32365</subfield>
  </datafield>
  <datafield tag="702" ind1=" " ind2="1">
    <subfield code="4">570</subfield>
    <subfield code="8">rus</subfield>
    <subfield code="7">ca</subfield>
    <subfield code="a">&#x414;&#x435;&#x43A;&#x430;&#x440;&#x442;</subfield>
    <subfield code="b">&#x420;.</subfield>
    <subfield code="f">1596-1650</subfield>
    <subfield code="g">&#x420;&#x435;&#x43D;&#x435;</subfield>
    <subfield code="3">RU\NLR\AUTH\779329</subfield>
    <subfield code="9">119162</subfield>
  </datafield>
  <datafield tag="801" ind1=" " ind2="0">
    <subfield code="a">RU</subfield>
    <subfield code="b">&#x420;&#x413;&#x411;</subfield>
    <subfield code="c">20141017</subfield>
    <subfield code="g">RCR</subfield>
  </datafield>
  <datafield tag="856" ind1="4" ind2=" ">
    <subfield code="l">SV_MBA</subfield>
    <subfield code="t">VIEW</subfield>
    <subfield code="u">https://webservices.nlr.ru/viewer/file?name=p010572146_002.jpg</subfield>
    <subfield code="x">001</subfield>
    <subfield code="y">&#x421;&#x442;&#x440;&#x430;&#x43D;&#x438;&#x446;&#x430;</subfield>
  </datafield>
  <datafield tag="856" ind1="4" ind2=" ">
    <subfield code="l">SV_MBA</subfield>
    <subfield code="t">VIEW</subfield>
    <subfield code="u">https://webservices.nlr.ru/viewer/file?name=p010572146_003.jpg</subfield>
    <subfield code="x">002</subfield>
    <subfield code="y">&#x421;&#x442;&#x440;&#x430;&#x43D;&#x438;&#x446;&#x430;</subfield>
  </datafield>
  <datafield tag="856" ind1="4" ind2=" ">
    <subfield code="l">SV_MBA</subfield>
    <subfield code="t">VIEW</subfield>
    <subfield code="u">https://webservices.nlr.ru/viewer/file?name=p010572146_004.jpg</subfield>
    <subfield code="x">003</subfield>
    <subfield code="y">&#x421;&#x442;&#x440;&#x430;&#x43D;&#x438;&#x446;&#x430;</subfield>
  </datafield>
  <datafield tag="856" ind1="4" ind2="1">
    <subfield code="l">SV_MBA</subfield>
    <subfield code="t">VIEW</subfield>
    <subfield code="u">https://webservices.nlr.ru/viewer/file?name=t010572146_001.jpg</subfield>
    <subfield code="y">&#x41E;&#x431;&#x43B;&#x43E;&#x436;&#x43A;&#x430;</subfield>
  </datafield>
  <datafield tag="942" ind1=" " ind2=" ">
    <subfield code="c">BOOK</subfield>
    <subfield code="c">BOOK</subfield>
  </datafield>
  <datafield tag="980" ind1=" " ind2=" ">
    <subfield code="a">NBR</subfield>
  </datafield>
  <datafield tag="980" ind1=" " ind2=" ">
    <subfield code="a">NB</subfield>
  </datafield>
  <datafield tag="995" ind1=" " ind2=" ">
    <subfield code="5">2014-12-22</subfield>
    <subfield code="a">ad</subfield>
    <subfield code="b">NLR01</subfield>
    <subfield code="c">NLR01</subfield>
    <subfield code="e">RF8</subfield>
    <subfield code="f">1-769755</subfield>
    <subfield code="k">2014-4/15816</subfield>
    <subfield code="o">0</subfield>
    <subfield code="r">BOOK</subfield>
    <subfield code="s">2014415816_</subfield>
  </datafield>
</record>
